00716nam a22001937a 450000500170000000800410001702000190005808200200007710000890009724500460018625000120023226000400024430000110028450000200029565000150031594200070033099900170033795201680035420260420124039.0260420b |||||||| |||| 00| 0 eng d a978-1337552127 a657.0285bGEL-A aGelinas, Ulric aRichard Dull (Author)aPatrick Wheeler (Author)aMary Hill (Author) aAccounting Information Systems (Author),  a11th Ed aBoston, USAbCengage Learningc2017 a747 p. aIncludes Index. aAccounting cBK c47347d47347 00w2026-04-201040708AccountingaAUKCbAUKCcAccountingd2026-04-09eAli Book Servicesg3940.00iKA/10221l0o657.0285 GEL-ApAUKHP0577r2026-04-20 12:37:20yBK